Las primaveras de Ilión: escritos sobre arquitectura y ciudad. 1990-2010

Uloženo v:
Podrobná bibliografie
Hlavní autor: Fernández Alba, Antonio (Autor)
Médium: Kniha
Jazyk:španělština
Vydáno: Madrid Biblioteca Nueva 2011
Edice:Colección Metrópoli. Los Espacios de la Arquitectura, 19
Témata:
Tagy: Přidat tag
Žádné tagy, Buďte první, kdo vytvoří štítek k tomuto záznamu!

MARC

LEADER 00000cam a2200000 a 4500
001 UCG9826
003 CL-VaPUC
008 120405e20110000SP |||||||||||||||||spa|d
020 |a 9788499401850 
082 0 4 |a 711.42  |b FER  |2 21 
100 0 |a Fernández Alba, Antonio  |e author  |9 561530 
245 1 4 |a Las primaveras de Ilión: escritos sobre arquitectura y ciudad. 1990-2010 
300 |a 318 p 
942 |c BK 
945 |d 20120405 00:00:00  |a dcastane 
260 |a Madrid  |b Biblioteca Nueva  |c 2011 
650 0 |a Arquitectura orgánica  |9 332355 
650 0 |a Arquitectura y sociedad   |9 265229 
650 0 |a Planificación urbana   |9 258176 
650 0 |a Urbanismo  |9 255208 
650 0 |a Crítica e interpretación   |9 255042 
583 |a last modification  |c 20120405 11:40:00  |k Rodrigo Vera 
490 0 |a Colección Metrópoli. Los Espacios de la Arquitectura, 19 
999 |c 347363  |d 347361 
952 |0 0  |1 0  |4 0  |6 711_420000000000000_FER_2011  |7 0  |8 A  |9 448642  |a BIBARQ  |b BIBARQ  |d 2019-11-22  |i 4855124  |o 711.42 FER 2011  |p 4855124  |r 2025-01-20  |w 2019-11-22  |y BK  |k ARQ